000 01194cam a2200313 i 4500
001 40008
003 Mx-PuUPA
005 20230621095757.0
008 140415s1987 a gr 001 0 spa d
020 _a9681630548
040 _aMx-PuUPA
_bspa
_cMx-PuUPA
_dMx-PuUPA
_erda
041 0 _aspa
100 1 _aMuñoz Altea, Fernando,
_910174
_eautor
245 1 3 _aLa historia de la residencia oficial de Los Pinos /
_cFernando Muñoz Altea, Magdalena Escobosa Hass de Rangel
250 _aPrimera edición
264 4 _aMéxico, D.F. :
_bFondo de Cultura Económica,
_c©1988
300 _a293 páginas :
_bilustraciones ;
_c31 cm
336 _atexto
_2rdacontent
_btxt
337 _asin medio
_2rdamedia
_bn
338 _avolumen
_2rdacarrier
_bnc
650 7 _2armarc
_aResidencia oficial de Los Pinos
_xHistoria
651 4 _aMéxico (Ciudad)
_xLos Pinos (Residencia oficial)
_xHistoria
651 4 _aMéxico (Ciudad)
_xEdificios, estructuras, etc.
700 1 _aEscobosa Hass de Rangel, Magdalena
_eautor
942 _2ddc
_cLI
_h972.53
_iM971
999 _c40008
_d40008